Kinh nghiệm pháp luật về quản lý dòng vốn đầu tư ra nước ngoài của Nhật Bản, Hàn Quốc và bài học kinh nghiệm cho Việt Nam trong việc quản lý doanh nghiệp đầu tư ra nước ngoài /

保存先:
書誌詳細
第一著者: Trần Thanh Hải.
フォーマット: 論文
言語:Vietnamese
主題:
タグ: タグ追加
タグなし, このレコードへの初めてのタグを付けませんか!
Thư viện lưu trữ: Thư viện Trường Đại học Đà Lạt
LEADER 00961nam a2200265 4500
001 DLU200195072
005 ##20201001
040 # # |a DLU  |b vie 
041 # # |a vie 
044 # # |a vn 
100 # # |a Trần Thanh Hải. 
245 # # |a Kinh nghiệm pháp luật về quản lý dòng vốn đầu tư ra nước ngoài của Nhật Bản, Hàn Quốc và bài học kinh nghiệm cho Việt Nam trong việc quản lý doanh nghiệp đầu tư ra nước ngoài /  |c Trần Thanh Hải. 
653 # # |a Đầu tư nước ngoài 
653 # # |a Dòng vốn đầu tư 
653 # # |a Quản lý đầu tư 
653 # # |a Quản lý doanh nghiệp 
773 # # |t Nghề luật  |g Số 2, 2018, tr. 76-78 
920 # # |a Phòng Tạp chí -- Trung tâm Thông tin - Thư viện Trường Đại học Đà Lạt 
900 # # |a True 
911 # # |a Nguyễn Thị Thu Phương 
925 # # |a G 
926 # # |a A 
927 # # |a BB 
980 # # |a Thư viện Trường Đại học Đà Lạt